00329nam a2200133Ia 4500008004100000082001500041100002200056245003100078250000800109260002900117300000800146650001000154700003100164191201s2011 xx 000 0 und d a519.2bLES aLEVIN, Richard I. 0aStatistics for Management  a8th aNew DelhibPearsonc2021 a985 aB Com aRUBIN, David S. and others